000 00304nam a2200109Ia 4500
008 171211s9999 xx 000 0 und d
245 _aIndividuals and Identity in Economics
245 _cJohn B. Davis
260 _c2010
650 _xECONOMICS
856 _uhttp://down.ebook777.com/063/9780521788915.pdf
999 _c349572
_d349572